Descolonizando el feminismo: teorías y prácticas desde los márgenes
Wedi'i Gadw mewn:
| Prif Awduron: | , |
|---|---|
| Fformat: | Llyfr |
| Iaith: | Sbaeneg |
| Cyhoeddwyd: |
Madrid
Cátedra
2017
|
| Rhifyn: | 3a. ed |
| Cyfres: | Feminismos
|
| Pynciau: | |
| Tagiau: |
Ychwanegu Tag
Dim Tagiau, Byddwch y cyntaf i dagio'r cofnod hwn!
|
MARC
| LEADER | 00000cam a2200000 a 4500 | ||
|---|---|---|---|
| 001 | UCC5937 | ||
| 003 | CL-VaPUC | ||
| 008 | 181109e20170000sp |||||||||||||||||spa|d | ||
| 020 | |a 9788437624693 | ||
| 082 | 0 | 4 | |a 305.4 |b SUA |2 21 |
| 100 | 0 | |a Suárez Navaz, Liliana |e author |9 600375 | |
| 700 | 0 | |a Hernández Castillo, Rosalva Aída |e author |9 600376 | |
| 245 | 1 | 0 | |a Descolonizando el feminismo: teorías y prácticas desde los márgenes |
| 250 | |a 3a. ed | ||
| 300 | |a 469 p | ||
| 942 | |c BK | ||
| 945 | |d 20181109 15:19:00 |a dcastane | ||
| 260 | |a Madrid |b Cátedra |c 2017 | ||
| 650 | 0 | |a Feminismo |9 259085 | |
| 650 | 0 | |a Movimientos revolucionarios |9 349711 | |
| 650 | 0 | |a Cambio social |9 256857 | |
| 650 | 7 | |a MUJERES REVOLUCIONARIAS |2 CL-VaPUC |9 508457 | |
| 583 | |a last modification |c 20181109 15:19:00 |k Rodrigo Vera | ||
| 490 | 0 | |a Feminismos | |
| 999 | |c 373040 |d 373038 | ||
| 952 | |0 0 |1 0 |3 erb |4 0 |6 305_400000000000000_SUA_2017 |7 0 |8 A |9 490954 |a BIBCUR |b BIBCUR |i 5511674 |o 305.4 SUA 2017 |p 5511674 |r 2025-04-22 |w 2019-11-24 |y BK |z Catalogado en:20181109 |k PER | ||